| 000 | 02594cam a2200601 i 4500 | ||
|---|---|---|---|
| 001 | data | ||
| 005 | 20260322212110.0 | ||
| 008 | data | ||
| 035 | _a20775672 | ||
| 906 |
_a7 _bcbc _ccopycat _d3 _encip _f20 _gy-nonroman |
||
| 925 | 0 |
_aacquire _b1 shelf copy _xpolicy default |
|
| 010 | _a 2019449751 | ||
| 020 | _a9789866355462 | ||
| 020 | _a9866355462 | ||
| 035 | _a(OCoLC)1078700116 | ||
| 040 |
_aLGV _beng _erda _cLGV _dDLC _dOCLCF _dDLC |
||
| 041 | 1 |
_achi _heng |
|
| 042 | _alccopycat | ||
| 050 | 0 | 0 |
_aBR145.3 _b.B73127 2018 |
| 066 | _c$1 | ||
| 100 | 1 |
_aBray, Gerald Lewis, _eauthor. |
|
| 240 | 1 | 0 |
_aChurch. _lChinese |
| 245 | 1 | 0 |
_6880-01 _aJiao hui de gu shi : _bshen xue yu li shi = The church : a theological and historical account / Jielade Bulei (Gerald Bray) zhu ; Gu Huade yi. |
| 880 | 1 | 0 |
_6245-01/$1 _a$13BD!CZ!M"!BB!0P(B : _b$1!Nk!:`!T2!F*!5=(B = The church : a theological and historical account / $1!2A!@9!=u(B·$1'18!_V(B (Gerald Bray) $1!UN(B ; $1!`V!U<!=u!YF(B. |
| 246 | 1 |
_6880-02 _iIntroductory term on cover and title page: _azai li shi chang lang li xun si jiao hui chu jing yu shen xue fa zhan |
|
| 880 | 1 |
_6246-02/$1 _iIntroductory term on cover and title page: _a$1!7z!F*!5=!^L!="-Wc!;B!>.3BD!CZ!VG!8W!T2!Nk!:`!L{!;Z(B |
|
| 246 | 3 | 0 |
_6880-03 _aShen xue yu li shi |
| 880 | 3 | 0 |
_6246-03/$1 _a$1!Nk!:`!T2!F*!5=(B |
| 246 | 3 | 1 | _aChurch : a theological and historical account |
| 250 |
_6880-04 _aChu ban. |
||
| 880 |
_6250-04/$1 _a$1!WN!JH(B. |
||
| 264 | 1 |
_6880-05 _aXin bei shi : _bZhonghua fu yin xue yuan chu ban she, _c2018. |
|
| 880 | 1 |
_6264-05/$1 _a$1!Be!4I!<D(B : _b$1!04!U<!Nv!`1!:`!^z!3K!JH!Na(B, _c2018. |
|
| 300 |
_a425 pages ; _c21 cm. |
||
| 336 |
_atext _btxt _2rdacontent |
||
| 337 |
_aunmediated _bn _2rdamedia |
||
| 338 |
_avolume _bnc _2rdacarrier |
||
| 490 | 1 |
_6880-06 _aJiao hui li shi xi lie ; _v13 |
|
| 880 | 1 |
_6490-06/$1 _a$13BD!CZ!F*!5=!Pn!3W(B ; _v13 |
|
| 500 | _aTranslation of: The church : a theological and historical account / Gerald Bray ; Grand Rapids, Mich. : Baker Academic, 2016. | ||
| 504 | _aIncludes bibliographical references. | ||
| 650 | 0 | _aChurch history. | |
| 650 | 0 | _aChurch. | |
| 650 | 7 |
_aChurch. _2fast _0(OCoLC)fst00860364 |
|
| 650 | 7 |
_aChurch history. _2fast _0(OCoLC)fst00860740 |
|
| 700 | 1 |
_6880-07 _aGu, Huade, _etranslator. |
|
| 880 | 1 |
_6700-07/$1 _a$1!`V!U<!=u(B, _etranslator. |
|
| 830 | 0 |
_6880-08 _aJiao hui li shi xi lie ; _v13. |
|
| 880 | 0 |
_6830-08/$1 _a$13BD!CZ!F*!5=!Pn!3W(B ; _v13. |
|
| 923 | _sLEXIS | ||
| 985 |
_aLexis Book Co _d2018-12-11 |
||
| 999 |
_c1636 _d1636 |
||